000 00652nam a2200265Ia 4500
005 20260121165330.0
008 008 260114s9999 xx 000 0 eng d
020 _a9783319320809
037 _aEBOOK
040 _aCRL
040 _beng
040 _cCRL
041 _2eng
041 _aeng
084 _qCRL
100 _aVoichita Bucur
_91050390
245 0 _aHandbook of Materials for String Musical Instruments
260 _bSpringer
260 _bSpringer
260 _c2016
856 _uhttps://link.springer.com/openurl?genre=book&isbn=978-3-319-32080-9
942 _cEBOOK
999 _c1616115
_d1616115